| 000 | 00000nas 2200000za 4500 |
| 001 | 9.808402 |
| 003 | CaOODSP |
| 005 | 20221107140355 |
| 007 | cr ||||||||||| |
| 008 | 151231d19741985oncmr p oss f000#a0eng|d |
| 022 | |y0705-5404 |
| 040 | |aCaOODSP|beng |
| 041 | |aeng|afre |
| 043 | |an-cn--- |
| 086 | 1 |aCS61-001-PDF |
| 245 | 00|aCheques cashed |h[electronic resource] = |bChèques encaissés. |
| 246 | 11|aChèques encaissés |
| 260 | |aOttawa : |bStatistics Canada, |c1974-1985. |
| 310 | |aMonthly |
| 362 | 0 |aVol. 51, no. 1 (Jan. 1974)-v. 62, no. 7 (July 1985). |
| 500 | |aDigitized edition from print [produced by Statistics Canada]. |
| 546 | |aText in English and French. |
| 550 | |aIssued Jan. 1974-Jan. 1978 by Business Finance Division; Feb. 1978-Aug. 1978 by Financial Institutions Section; Sept. 1978-July 1985 by Statistics Canada. |
| 692 | 07|2gccst|aBanking |
| 692 | 07|2gccst|aFinance |
| 710 | 2 |aStatistics Canada.|bFinancial Institutions Section. |
| 710 | 1 |aCanada. |bStatistics Canada. |bBusiness Finance Division. |
| 780 | 00|tCheques cashed in clearing centres |w(CaOODSP)9.808399 |
| 792 | |tCheques cashed |efre|w(CaOODSP)9.808403 |